000 00952nam0a22002891 4500
001 RU\NLR\INFOCOMM_46\5000715377
005 20250613094615.0
035 _a(NLR Aleph) 009268106
090 _a9084888
_c9084888
100 _a20100825d1984 |||y0rusy50 ca
101 0 _ager
102 _aRU
105 _aa ||||000|y
200 1 _aDrei Zentren des Imperialismus heute
_eUSA, EG, Japan
_f[Gesamtred.: Feliks Gorjunow, Nikita Sholkwer]
210 _aΜ.
_cNeue Zeit
_d1984
215 _a33 с.
_cил., карт.
_d28 см
311 _a"Kostenlose Beil. zur Woch-Schr. "Neue Zeit"
422 0 _12001#$aNeue Zeit$eWoch.-Schr.
_tNeue Zeit
606 _aИмпериализм
_2nlr_sh1
686 _aТ3(0)63-601.2
_2rubbk
702 1 _9z01790
_aGorjunov
_bF. A.
_gFeliks Ajzikovič
_4340
790 1 _9z01702
_aGorjunow
_bF.
_gFelix
_4340
801 1 _aRU
_bNLR
_c20100825
801 0 _aRU
_bNLR
_gPSBO
852 _aNLR
_jИ25 Д-8/86
942 _cBOOK
980 _aNB